Bharatpur inheritance: (For Reference Only) (Record no. 604647)

MARC details
000 -LEADER
fixed length control field 00440nam a2200145Ia 4500
008 - FIXED-LENGTH DATA ELEMENTS--GENERAL INFORMATION
fixed length control field 100415s9999 xx 000 0 und d
082 ## - DEWEY DECIMAL CLASSIFICATION NUMBER
Item number 21765
Classification number 639.9(5414)
100 ## - MAIN ENTRY--PERSONAL NAME
Personal name GREWAL, BIKRAM
245 ## - TITLE STATEMENT
Title Bharatpur inheritance: (For Reference Only)
260 ## - PUBLICATION, DISTRIBUTION, ETC. (IMPRINT)
Place of publication, distribution, etc MUMBAI
Date of publication, distribution, etc 2006
Name of publisher, distributor, etc SANCTUARY ASIA
365 ## - TRADE PRICE
Price amount 1
630 ## - SUBJECT ADDED ENTRY--UNIFORM TITLE
Uniform title Bharatpur inheritance: (For Reference Only)
730 ## - ADDED ENTRY--UNIFORM TITLE
Uniform title Bharatpur inheritance: (For Reference Only)
942 ## - ADDED ENTRY ELEMENTS (KOHA)
Koha item type Book
Holdings
Withdrawn status Lost status Damaged status Not for loan Home library Current library Date acquired Cost, normal purchase price Total Checkouts Full call number Barcode Date last seen Price effective from Koha item type
        Bombay Natural History Society Bombay Natural History Society 04/22/2006 1.00   639.9(5414) 21765 BNHS-21765 04/15/2010 04/15/2010 Book